| 000 | 00505pam a2200169 a 4500 | ||
|---|---|---|---|
| 020 | _a0521244382 | ||
| 020 | _a0521286867 (pbk.) | ||
| 040 | _cDLC | ||
| 082 | 0 | 0 | _a338 CAM 1984 A072 Or. |
| 100 | 1 | _aWaterson, Michael, | |
| 245 | 1 | 0 | _aEconomic theory of the industry / |
| 260 |
_aCambridge [Cambridgeshire] ; _aNew York : _bCambridge University Press, _c1984. |
||
| 300 |
_ax, 243 p. : _bill. ; _c24 cm. |
||
| 500 | _aIncludes index. | ||
| 650 | 0 | _aIndustrial organization (Economic theory) | |
| 942 | _cEK | ||
| 999 |
_c14897 _d14897 |
||